000 00417pab a2200169 454500
008 180718b2010 xxu||||| |||| 00| 0 eng d
100 _aMehta, Arun
245 _aManaging and utilising spectrum more efficiently
260 _c2010
300 _ap.26-28.
362 _a27 Feb
650 _aCommunication
700 _aHorvitz, Robert
773 _aEconomic and Political Weekly
908 _aN
909 _a85680
999 _c85680
_d85680